Discordance in reporting of maternal aggression: exploring differences by characteristics of children, mothers, and their environments
This study investigated discordant reports of maternal aggression using the Fragile Families and Child Wellbeing Study (N = 1,606). Multinomial logistic regression models predicted discordant reports of hitting and shouting from child, mother, and environmental characteristics. Compared to dyads in...
| VerfasserInnen: | ; ; |
|---|---|
| Medienart: | Elektronisch Aufsatz |
| Sprache: | Englisch |
| Veröffentlicht: |
2020
|
| In: |
Child maltreatment
Jahr: 2020, Band: 25, Heft: 3, Seiten: 339-351 |
| Online-Zugang: |
Volltext (lizenzpflichtig) |
| Verfügbarkeit prüfen: | HBZ Gateway |
| Schlagwörter: |
MARC
| LEADER | 00000caa a22000002c 4500 | ||
|---|---|---|---|
| 001 | 1859326676 | ||
| 003 | DE-627 | ||
| 005 | 20240305150947.0 | ||
| 007 | cr uuu---uuuuu | ||
| 008 | 230912s2020 xx |||||o 00| ||eng c | ||
| 024 | 7 | |a 10.1177/1077559519876033 |2 doi | |
| 035 | |a (DE-627)1859326676 | ||
| 035 | |a (DE-599)KXP1859326676 | ||
| 040 | |a DE-627 |b ger |c DE-627 |e rda | ||
| 041 | |a eng | ||
| 084 | |a 2,1 |2 ssgn | ||
| 100 | 1 | |a Kremer, Kristen P. |e VerfasserIn |4 aut | |
| 245 | 1 | 0 | |a Discordance in reporting of maternal aggression: exploring differences by characteristics of children, mothers, and their environments |c Kristen P. Kremer, Jamie S. Kondis, and Theodore R. Kremer |
| 264 | 1 | |c 2020 | |
| 336 | |a Text |b txt |2 rdacontent | ||
| 337 | |a Computermedien |b c |2 rdamedia | ||
| 338 | |a Online-Ressource |b cr |2 rdacarrier | ||
| 500 | |a Literaturverzeichnis | ||
| 520 | |a This study investigated discordant reports of maternal aggression using the Fragile Families and Child Wellbeing Study (N = 1,606). Multinomial logistic regression models predicted discordant reports of hitting and shouting from child, mother, and environmental characteristics. Compared to dyads in which both mothers and children reported aggression, mothers with a college degree had higher child-only and mother-only reports of both hitting and shouting versus mothers with less than a high school diploma. High-income mothers had higher child-only reports of hitting, while families with past Child Protective Services involvement had higher child-only and mother-only reports of hitting. Additionally, children with lower reading test scores and whose fathers had history of incarceration had higher child-only reports of hitting. Families residing in neighborhoods for which mothers were scared to let children play outside also had higher child-only and mother-only reports of hitting and shouting. | ||
| 650 | 4 | |a adolescent victims | |
| 650 | 4 | |a Aggressive behavior | |
| 650 | 4 | |a Child Abuse | |
| 650 | 4 | |a CPS | |
| 650 | 4 | |a Disclosure | |
| 650 | 4 | |a longitudinal research | |
| 700 | 1 | |a Kondis, Jamie S. |e VerfasserIn |4 aut | |
| 700 | 1 | |a Kremer, Theodore R. |e VerfasserIn |4 aut | |
| 773 | 0 | 8 | |i Enthalten in |t Child maltreatment |d [Thousand Oaks, Calif.] : Sage, 1996 |g 25(2020), 3, Seite 339-351 |h Online-Ressource |w (DE-627)320585409 |w (DE-600)2018206-5 |w (DE-576)27627136X |x 1552-6119 |7 nnas |
| 773 | 1 | 8 | |g volume:25 |g year:2020 |g number:3 |g pages:339-351 |
| 856 | 4 | 0 | |u https://doi.org/10.1177/1077559519876033 |x Resolving-System |z lizenzpflichtig |3 Volltext |7 1 |
| 951 | |a AR | ||
| ELC | |a 1 | ||
| LOK | |0 000 xxxxxcx a22 zn 4500 | ||
| LOK | |0 001 4374733019 | ||
| LOK | |0 003 DE-627 | ||
| LOK | |0 004 1859326676 | ||
| LOK | |0 005 20240305150947 | ||
| LOK | |0 008 230912||||||||||||||||ger||||||| | ||
| LOK | |0 040 |a DE-21-110 |c DE-627 |d DE-21-110 | ||
| LOK | |0 092 |o n | ||
| LOK | |0 852 |a DE-21-110 | ||
| LOK | |0 852 1 |9 00 | ||
| LOK | |0 935 |a krzo | ||
| LOK | |0 939 |a 12-09-23 |b l01 | ||
| ORI | |a SA-MARC-krimdoka001.raw | ||
